书目信息 |
| 题名: |
园林植物遗传育种学
|
|
| 作者: | 程金水 | |
| 分册: | ||
| 出版信息: | 北京 中国林业出版社 2000 |
|
| 页数: | 468 | |
| 开本: | 26cm | |
| 丛书名: | ||
| 单 册: | ||
| 中图分类: | S603 | |
| 科图分类: | ||
| 主题词: | 园艺 | |
| 电子资源: | ||
| ISBN: | 7-5038-2510-3 | |
| 000 | 00518nam0 2200181 450 | |
| 001 | 0741144344 | |
| 005 | 20070817112544.34 | |
| 010 | @a7-5038-2510-3@d¥40.00 | |
| 100 | @a20070817d km y0chiy0120 ea | |
| 101 | 0 | @achi |
| 200 | 1 | @a园林植物遗传育种学@Ayuan lin zhi wu yi chuan yu zhong xue@f程金水@Fcheng jin shui |
| 210 | @a北京@c中国林业出版社@d2000 | |
| 215 | @a468@c彩图@d26cm | |
| 606 | 0 | @a园艺 |
| 690 | @aS603@v3 | |
| 701 | 0 | @a程金水@Acheng jin shui |
| 801 | 0 | @aCN@bPFT@c20070817 |
| 905 | @a213230@dS603@en1@f1 | |
| 园林植物遗传育种学/程金水.-北京:中国林业出版社,2000 |
| 468:彩图;26cm |
| ISBN 7-5038-2510-3:¥40.00 |
| ● |
| 相关链接 |
|
|
|
|
正题名:园林植物遗传育种学
索取号:S603/n1
 
预约/预借
| 序号 | 登录号 | 条形码 | 馆藏地/架位号 | 状态 | 备注 |
| 1 | 6601091 | 266010915 | 密集书库-生命科学系/ [索取号:S603/n1] | 在馆 |